000
00282nam a2200121Ia 4500
005
20251222153634.0
008
251222s9999||||xx |||||||||||||| ||spa||
020
_a
84-226-1021-3
082
_a
813/S78
100
_a
"Stallone, Sylvester "
245
0
_a
Paradise alley
942
_c
LIB
999
_c
32480
_d
32480